00721nam a2200217Ia 450000500170000000800410001702000150005804000180007304100080009108200210009910000150012024501090013525000120024426000440025630000240030065000440032465000650036865000360043370000200046970000140048920220616152301.0210716s1991 xx 000 0 und d a0852264348 cAIMIT LIBRARY aeng a511.42 22bJAIM aJain, M K. aNumerical methods for scientific and engineering computation /cBy M K Jain, S R K Iyengar and R K Jain. a2nd ed. aNew Delhi :bWiley Eastern Ltd ,c1991. axii,470p. ;c22 cm. aTranscendental and polynomial equations aSystem of linear algebraic equations and eigenvalue problems aOrdinary differential equations aIyengar, S R K. aR K Jain.